|
|
|
|
| LEADER |
00000nab a2200000 4500 |
| 001 |
vtls012065782 |
| 003 |
SK-MaSNL |
| 005 |
20260426064414.0 |
| 008 |
210817|2009 xo |||| || ||00 0|slo |
| 015 |
|
|
|a SNBRB2021/08
|
| 040 |
|
|
|a SPKCL
|b slo
|e rda
|
| 041 |
|
|
|a slo
|
| 044 |
|
|
|a xo
|c SK
|
| 072 |
|
7 |
|a 11
|x Metafyzika
|2 konspekt
|
| 080 |
|
|
|a 14:11
|2 2011
|
| 100 |
1 |
|
|a Leško, Vladimír,
|d 1950-
|4 aut
|9 113867
|
| 245 |
1 |
0 |
|a Heidegger, Kant a metafyzika
|c Vladimír Leško
|
| 336 |
|
|
|a text
|b txt
|2 rdacontent
|
| 337 |
|
|
|a bez média
|b n
|2 rdamedia
|
| 338 |
|
|
|a zväzok
|b nc
|2 rdacarrier
|
| 504 |
|
|
|a Obsahuje bibliografiu
|
| 600 |
1 |
7 |
|a Heidegger, Martin,
|d 1889-1976
|2 snkbucl
|9 109315
|
| 600 |
1 |
7 |
|a Kant, Immanuel,
|d 1724-1804
|2 snkbucl
|9 107766
|
| 650 |
0 |
7 |
|a metafyzika
|2 SNKPH
|9 810
|
| 650 |
0 |
7 |
|a filozofia
|2 SNKPH
|9 793
|
| 655 |
|
7 |
|a BZB
|2 SNKPH
|9 1080216
|
| 773 |
0 |
|
|t Kant v kontextoch Husserlovej a Heideggerovej filozofie
|d Košice : Univerzita Pavla Jozefa Šafárika, 2009
|g S. 67-92
|z 9788081521072
|
| 856 |
4 |
1 |
|u //www.unibook.upjs.sk/img/cms/2009/ff/Kant-kontextoch-Husserl-Heidegger.pdf
|
| 958 |
|
|
|a NB
|
| 999 |
|
|
|c 2588049
|d 2589979
|